[Event "FRA-ch Accession"]
[Site "Chartres"]
[Date "2005.08.24"]
[Round "8"]
[White "Tranchant, Sebastien"]
[Black "Terrieux, Kevin"]
[Result "1-0"]
[WhiteElo "2150"]
[BlackElo "2365"]
[PlyCount "151"]
[EventDate "2005.08.15"]
[EventType "swiss"]
[EventRounds "10"]
[EventCountry "FRA"]
[SourceTitle "EXT 2006"]
[Source "ChessBase"]
[SourceDate "2005.11.24"]
[SourceVersion "1"]
[SourceVersionDate "2005.11.24"]
[SourceQuality "1"]

1. e4 c5 2. Nf3 e6 3. d4 cxd4 4. Nxd4 d6 5. Nc3 a6 6. Be3 Nf6 7. f3 b5 8. g4 Nfd7 9. Qd2 Nb6 10. 0-0-0 Bb7 11. Nb3 N8d7 12. Na5 Rb8 13. Bf4 b4 14. Ne2 Ba8 15. Kb1 e5 16. Bg5 f6 17. Be3 d5 18. g5 Na4 19. Nb3 Ndb6 20. Ng3 Qc8 21. Bxb6 Nxb6 22. exd5 Bxd5 23. gxf6 gxf6 24. Ne4 Qc6 25. Bd3 Be7 26. Qh6 f5 27. Qxc6+ Bxc6 28. Ned2 Rf8 29. Rhe1 Bf6 30. Bxf5 Kf7 31. Bxh7 Rh8 32. Bd3 Rxh2 33. Bxa6 Rd8 34. Ne4 Rdh8 35. Nxf6 Kxf6 36. Bd3 R2h4 37. Rg1 R8h6 38. Nd2 Rd4 39. Ne4+ Bxe4 40. fxe4 Ke6 41. Rg8 Na4 42. Re8+ Kd6 43. Rb8 Rh4 44. Kc1 Nc5 45. Rd8+ Ke6 46. Re8+ Kd6 47. Rd8+ Ke6 48. Rxd4 exd4 49. Rg1 Rh5 50. Be2 Rh6 51. Bc4+ Kd6 52. e5+ Kxe5 53. Rg5+ Kd6 54. Rd5+ Kc6 55. Rxd4 Rh1+ 56. Rd1 Rh4 57. Be2 Rf4 58. Rg1 Rf2 59. Kd2 Ne6 60. Ke3 Rf5 61. Rg4 Re5+ 62. Kd2 Rd5+ 63. Bd3 Rd4 64. Rxd4 Nxd4 65. c3 bxc3+ 66. Kxc3 Ne6 67. b4 Nc7 68. a4 Nd5+ 69. Kb3 Kb6 70. Be4 Nc7 71. Kc4 Ne8 72. a5+ Ka7 73. Kc5 Nc7 74. Bd3 Ne6+ 75. Kd6 Nd8 76. Be4 1-0

[Event "Avoine op 19th"]
[Site "Avoine"]
[Date "2004.07.??"]
[Round "?"]
[White "Tranchant, Sebastien"]
[Black "Benitah, Yohan"]
[Result "0-1"]
[WhiteElo "2115"]
[BlackElo "2408"]
[PlyCount "84"]
[EventDate "2004.07.??"]
[EventType "swiss"]
[EventRounds "9"]
[EventCountry "FRA"]
[SourceTitle "EXT 2005"]
[Source "ChessBase"]
[SourceDate "2004.11.15"]
[SourceVersion "1"]
[SourceVersionDate "2004.11.15"]
[SourceQuality "1"]

1. e4 e6 2. d4 d5 3. exd5 exd5 4. Bd3 Nc6 5. c3 Bd6 6. Qf3 Nge7 7. Ne2 Be6 8. Bf4 Ng6 9. Bxd6 Qxd6 10. 0-0 0-0-0 11. Nd2 Kb8 12. Rfe1 f5 13. g3 Rdf8 14. Nf4 Nxf4 15. Qxf4 Qxf4 16. gxf4 Bc8 17. Nf3 Nd8 18. Re7 Ne6 19. Re1 Nxf4 20. Bb5 c6 21. Ba4 Rhg8 22. Ne5 Rf6 23. Bc2 h6 24. a4 a5 25. Kf1 h5 26. b4 axb4 27. cxb4 Ne6 28. Bd3 Nxd4 29. Nd7+ Bxd7 30. Rxd7 Re6 31. Rxe6 Nxe6 32. Bxf5 Ng5 33. h4 Nf3 34. Bh7 Re8 35. b5 Re1+ 36. Kg2 Nxh4+ 37. Kg3 Kc8 38. Rf7 g5 39. bxc6 bxc6 40. Bd3 Ra1 41. Ba6+ Kd8 42. Bb7 Ke8 0-1

[Event "Avoine op 19th"]
[Site "Avoine"]
[Date "2004.07.??"]
[Round "?"]
[White "Tranchant, Sebastien"]
[Black "Sebe Vodislav, Florian George"]
[Result "1-0"]
[WhiteElo "2115"]
[BlackElo "2298"]
[PlyCount "71"]
[EventDate "2004.07.??"]
[EventType "swiss"]
[EventRounds "9"]
[EventCountry "FRA"]
[SourceTitle "EXT 2005"]
[Source "ChessBase"]
[SourceDate "2004.11.15"]
[SourceVersion "1"]
[SourceVersionDate "2004.11.15"]
[SourceQuality "1"]

1. e4 c5 2. Nf3 d6 3. d4 cxd4 4. Nxd4 Nf6 5. Nc3 g6 6. Be3 Bg7 7. f3 0-0 8. Qd2 Nc6 9. Bc4 Bd7 10. 0-0-0 Ne5 11. Bb3 Rc8 12. Kb1 Re8 13. Bh6 Bxh6 14. Qxh6 a5 15. a4 Rxc3 16. bxc3 b5 17. Nxb5 Bxb5 18. axb5 a4 19. Ba2 Qa5 20. Rd4 Qxb5+ 21. Ka1 Qc5 22. Qd2 Qa3 23. Rb1 Rc8 24. Rbb4 Rxc3 25. Rxa4 Qc5 26. Bb3 Qc7 27. Kb2 Rc5 28. Qh6 Qc8 29. Rdb4 Ned7 30. h3 Rh5 31. Qd2 Kg7 32. Ra7 Re5 33. Rbb7 Qd8 34. Qb4 g5 35. Qc4 d5 36. Qc3 1-0